Stephen R. Covey: věrozvest efektivity

Americký profesor, medzinárodne uznávaný konzultant v oblasti organizácie práce a osobného rozvoja - Stephen R. Covey. Kniha "7 návykov skutočne efektívnych ľudí" označená za najvplyvnejšiu business knihu 20. storočia. Čo je efektivita. Efektivita založená na princípoch. Leadership založený na dôver...

Full description

Saved in:
Bibliographic Details
Main Author: Kapoun, Jan
Format: Book Chapter
Language:Czech
Subjects:
Tags: Add Tag
No Tags, Be the first to tag this record!

MARC

LEADER 00000naa$a2200000$$$4500
001 0113536
005 20231213140242.4
041 0 |a cze 
044 |a CZ 
245 1 0 |a Stephen R. Covey: věrozvest efektivity  |c Jan Kapoun 
520 |a Americký profesor, medzinárodne uznávaný konzultant v oblasti organizácie práce a osobného rozvoja - Stephen R. Covey. Kniha "7 návykov skutočne efektívnych ľudí" označená za najvplyvnejšiu business knihu 20. storočia. Čo je efektivita. Efektivita založená na princípoch. Leadership založený na dôveryhodnosti. Sedem návykov pre efektivitu jednotlivca. Plánovanie času. 
610 2 0 |a manažéri 
610 2 0 |a manažment 
610 2 0 |a lídri 
610 2 0 |a efektívnosť 
610 2 0 |a organizácia práce 
610 2 0 |a manažment času 
100 1 |a Kapoun, Jan